Die 39 beliebtesten ♂ ♀ Vornamen in Kroatien - Statistiken

Allgemein
  • Dieses Quiz wurde 127 mal gespielt
  • Das Durchschnittsergebnis liegt bei 7 aus 41
Antwortstatistiken
♀ / ♂ Name % Korrekt
Mädchen - - > ⤵️
98%
Jungen - - > ⤵️
98%
I4 Ivan
74%
L4 Luka
66%
M3 Mia
31%
L4 Lara
29%
S4 Sara
29%
L4 Leon
27%
P5 Petra
24%
L4 Lana
23%
M5 Mateo
22%
F5 Filip
20%
D5 David
14%
K5 Karlo
14%
M5 Matej
13%
D7 Dominik
10%
I5 Ivano
10%
L6 Lucija
10%
K5 Klara
9%
M5 Marta
9%
N4 Nika
9%
K5 Karla
7%
L5 Lovro
3%
C6 Chiara
2%
K4 Kala
1%
A5 Adela
0%
A10 Anastazija
0%
A5 Azzra
0%
C7 Channel
0%
K5 Kelly
0%
K4 Khan
0%
L5 Leloo
0%
P8 Penelopa
0%
P5 Priti
0%
R7 Radhika
0%
R5 Reina
0%
R7 Rhianna
0%
S8 Samantha
0%
S8 Santiago
0%
S8 Severina
0%
U4 Umma
0%
Keine übereinstimmenden Quizze gefunden
Verteilung der Resultate
Anzahl Personen mit jedem Resultat
Perzentil nach korrekt beantworteten Fragen
Ihre Resultats-Entwicklung
Sie haben dieses Quiz noch nicht gespielt